LEADER 01074nam0-22003371i-450- 001 990003764090403321 005 20001010 035 $a000376409 035 $aFED01000376409 035 $a(Aleph)000376409FED01 035 $a000376409 100 $a20001010d--------km-y0itay50------ba 101 0 $aita 105 $ay-------001yy 200 1 $aProverbi, motti e scongiuri del popolo siciliano$fraccolti ed illustrati da Giuseppe Pitré. 210 $aBologna$cForni$ds.d. (stampa 1980) 215 $a441 p.$d22 cm 225 1 $aBiblioteca delle tradizioni popolari siciliane$v23 300 $a[Ristampa anastatica dell'edizione di Palermo, 1870-1913] 610 0 $aFOLCLORE$aSicilia 610 0 $aSCONGIURI$aSicilia 676 $a398.09458$a398.909458 700 1$aPitrè,$bGiuseppe$f<1841-1916>$0381921 801 0$aIT$bUNINA$gRICA$2UNIMARC 901 $aBK 912 $a990003764090403321 952 $a398.09458 PIT 13$b2681/11$fBFS 959 $aBFS 996 $aProverbi, motti e scongiuri del popolo siciliano$9510514 997 $aUNINA DB $aING01 LEADER 01191nam--2200349---450- 001 990003498030203316 005 20110216122934.0 035 $a000349803 035 $aUSA01000349803 035 $a(ALEPH)000349803USA01 035 $a000349803 100 $a20110216d1981----km-y0itay50------ba 101 $aita 102 $aIT 105 $aa---||||001yy 200 1 $aAtlante delle malattie della mammella$esinossi dei repertori clinici, morfologici e radiologici. Con una considerazione dei metodi speciali di esame$fVolker Barth$gcon l'assistenza tecnica di Manfred Hesse ; edizione italiana a cura del prof. Aldo Del Vescovo 210 $aRoma$cVerducci$d1981 215 $a197 p.$cill.$d30 cm 300 $aTit. orig.: Atlas of diseases of the brest 606 0 $aMammelle$xMalattie$2BNCF 676 $a611.49 700 1$aBARTH,$bVolker$0609438 702 1$aHESSE,$bManfred 702 1$aDEL VESCOVO,$bAldo 801 0$aIT$bsalbc$gISBD 912 $a990003498030203316 951 $aFDC 123$b654 Med.$cFDC 959 $aBK 969 $aMED 979 $aCIANATIEMP$b90$c20110216$lUSA01$h1229 996 $aAtlante delle malattie della mammella$91111463 997 $aUNISA LEADER 01245nam 2200361 450 001 9910477092403321 005 20230218112700.0 035 $a(CKB)5470000000569018 035 $a(NjHacI)995470000000569018 035 $a(EXLCZ)995470000000569018 100 $a20230218d2018 uy 0 101 0 $aspa 135 $aur||||||||||| 181 $ctxt$2rdacontent 182 $cc$2rdamedia 183 $acr$2rdacarrier 200 00$aConceptos clave de la gestio?n cultural /$fUrsula Rucker, Jose? Luis Mariscal Orozco, editores 210 1$aSantiago de Chile :$cAriadna Ediciones,$d2018. 215 $a1 online resource (356 pages) 330 $aIn this first volume, this book proposes concepts about culture and its location in the social and academic life of our region. 517 $aConceptos clave de la gestión cultural 517 $aConceptos clave de la gestión cultural 606 $aCulture$xMethodology 615 0$aCulture$xMethodology. 676 $a306.01 702 $aRucker$b Ursula 702 $aOrozco$b Jose? Luis Mariscal 801 0$bNjHacI 801 1$bNjHacl 906 $aBOOK 912 $a9910477092403321 996 $aConceptos clave de la gestión cultural$91947273 997 $aUNINA